000 01333nam a2200337 4500
001 157
003 OSt
005 20250528074013.0
008 250129b |||||||g |||| 00| 1 eng d
020 _a8501038709
040 _bpor
041 _heng
_apor
082 _a813
_bC587so
100 1 _aClancy, Tom,
_d1947-2013
_9294
240 _aThe sum of all fears
245 _aA soma de todos os medos /
_cClancy, Tom ; Tradução de A. B. Pinheiro de Lemos
260 _aRio de Janeiro
_bRecord
_c1993
300 _a893 p.
490 1 _aTom Clancy´s Jack Ryan
_vLivro 08
520 _aO enredo de A soma de todos os medos se passa na Europa, no Oriente Médio, na ex-União Soviética e nos Estados Unidos. Jack Ryan, vice-diretor da CIA, desenvolve um plano para acabar com um novo conflito no Oriente Médio. Entre os seus inimigos está Liz Elliot, conselheira do presidente, e os terroristas árabes, que descobrem uma bomba atômica perdida e fazem planos surpreendentes.
650 0 _aLiteratura Americana
_984
650 0 _aCrime e Investigação
_913
650 0 _aAção
_964
650 0 _aSuspense
_910
650 0 _aFilme
_926
655 0 _aRomance
_923
655 0 _aFicção
_922
700 _aA. B. Pinheiro de Lemos
_eTradutor
_9109
830 _aTom Clancy´s Jack Ryan
_vLivro 08
_9299
942 _2ddc
_n0
_cBK
999 _c157
_d157